Concierto de piano por Rosa Antonelli [ (Record no. 4143)
[ view plain ]
| 000 -LEADER | |
|---|---|
| campo de control de longitud fija | 01119nkm a2200265 i 4500 |
| 001 - NÚMERO DE CONTROL | |
| campo de control | 4143 |
| 003 - IDENTIFICADOR DE NÚMERO DE CONTROL | |
| campo de control | ES-MaACL |
| 005 - FECHA Y HORA DE LA ÚLTIMA TRANSACCIÓN | |
| campo de control | 20250713062934.0 |
| 007 - CAMPO FIJO DE DESCRIPCIÓN FÍSICA--INFORMACIÓN GENERAL | |
| campo de control de longitud fija | khrbo |
| 008 - DATOS DE LONGITUD FIJA--INFORMACIÓN GENERAL | |
| campo de control de longitud fija | 070628s1987 sp --- g |001||spa d |
| 100 0# - ENTRADA PRINCIPAL--NOMBRE DE PERSONA | |
| Nombre de persona | Alfonso, |
| Fechas asociadas al nombre | 1902-1990 |
| 9 (RLIN) | 19858 |
| 245 10 - MENCIÓN DEL TÍTULO | |
| Título | Concierto de piano por Rosa Antonelli [ |
| Medio | Fotografía] / |
| Mención de responsabilidad, etc. | Alfonso (sello). |
| 260 ## - PUBLICACIÓN, DISTRIBUCIÓN, ETC. | |
| Lugar de publicación, distribución, etc. | [S.l. : |
| Nombre del editor, distribuidor, etc. | s.n.], |
| Fecha de publicación, distribución, etc. | 1987. |
| 300 ## - DESCRIPCIÓN FÍSICA | |
| Extensión | 2 fot. : |
| Otras características físicas | b. y n. ; |
| Dimensiones | 12 x 18 cm. |
| 500 ## - NOTA GENERAL | |
| Nota general | Datos basados en invitación. |
| 511 0# - NOTA DE PARTICIPANTES O INTÉRPRETES | |
| Nota de participantes o intérpretes | Interviene: Rosa Antonelli. |
| 518 ## - NOTA DE FECHA/HORA Y LUGAR DE UN ACONTECIMIENTO | |
| Nota de fecha/hora y lugar de un acontecimiento | Acto organizado por la Sección de Música del Ateneo de Madrid en colaboración con la Embajada de la República Argentina, celebrado en el salón de actos el sábado, 14 de noviembre de 1987, a las 20:00 h. |
| 600 14 - PUNTO DE ACCESO ADICIONAL DE MATERIA--NOMBRE DE PERSONA | |
| Nombre de persona | Antonelli, Rosa. |
| 9 (RLIN) | 21967 |
| 610 24 - PUNTO DE ACCESO ADICIONAL DE MATERIA--NOMBRE DE ENTIDAD CORPORATIVA | |
| Nombre de entidad corporativa o nombre de jurisdicción como elemento de entrada | Ateneo de Madrid- |
| Subdivisión general | Actos culturales- |
| Subdivisión cronológica | 1987- |
| Subdivisión de forma | Fotografías. |
| 9 (RLIN) | 1902 |
| 710 2# - ENTRADA AGREGADA--NOMBRE DE ENTIDAD CORPORATIVA | |
| Nombre de entidad corporativa o nombre de jurisdicción como elemento de entrada | Ateneo de Madrid. |
| 9 (RLIN) | 1875 |
| 710 1# - ENTRADA AGREGADA--NOMBRE DE ENTIDAD CORPORATIVA | |
| Nombre de entidad corporativa o nombre de jurisdicción como elemento de entrada | Argentina. |
| Unidad subordinada | Embajada (España) |
| 9 (RLIN) | 1478 |
| 852 ## - LOCALIZACIÓN | |
| Ubicación | ES-MaACL |
| Número de control de estantería | FOT 208/1987 |
| 856 4# - LOCALIZACIÓN Y ACCESO ELECTRÓNICOS | |
| Identificador Uniforme de Recursos | <a href="http://www.ateneodemadrid.net/biblioteca_digital/imagenes/1987/0208-1987.jpg">http://www.ateneodemadrid.net/biblioteca_digital/imagenes/1987/0208-1987.jpg</a> |
| Nota pública | Ver imagen |
| Estatus retirado | Estado de pérdida | Estado de daño | No para préstamo | Colección | Biblioteca de origen | Biblioteca actual | Ubicación en estantería | Fecha de adquisición | Fuente de adquisición | Total de préstamos | Signatura topográfica completa | Código de barras | Visto por última vez | Precio de reemplazo | Tipo de ítem Koha |
|---|---|---|---|---|---|---|---|---|---|---|---|---|---|---|---|
| Colección digital | Biblioteca del Ateneo de Madrid | Biblioteca del Ateneo de Madrid | Depósito Z | 17/01/2008 | FOT 208/1987 | 1004206 | 23/02/2023 | 23/02/2023 | Fotografía |
